[Event "Icelandic (Women) op"]
[Site "Reykjavik"]
[Date "2022.10.29"]
[Round "6"]
[White "Kryger, Oksana"]
[Black "Helgadottir, Idunn"]
[Result "0-1"]
[WhiteElo "2107"]
[BlackElo "1538"]
[PlyCount "80"]
[EventDate "2022.10.24"]
[EventType "swiss"]
[EventRounds "7"]
[EventCountry "ISL"]
[SourceTitle "EXT 2024"]
[Source "ChessBase"]
[SourceDate "2023.10.10"]
[SourceVersion "1"]
[SourceVersionDate "2023.10.10"]
[SourceQuality "1"]

1. d4 Nf6 2. c4 e6 3. Nf3 d5 4. Nc3 c5 5. cxd5 exd5 6. g3 Nc6 7. Bg2 Be7 8. 0-0 0-0 9. Bg5 c4 10. Ne5 h6 11. Bxf6 Bxf6 12. f4 Be6 13. Nxc6 bxc6 14. Na4 Bf5 15. h3 Qe7 16. Qd2 Rfe8 17. Kf2 Rab8 18. e3 Rb4 19. b3 cxb3 20. axb3 Rxb3 21. Rfe1 Rd3 22. Qc1 Qb4 23. Re2 Rdxe3 24. Rxe3 Bxd4 25. Raa3 Rxe3 26. Rxe3 Qxa4 27. g4 Qc2+ 28. Qxc2 Bxc2 29. Ke2 Bxe3 30. Kxe3 a5 31. Kd4 a4 32. Kc3 Bb3 33. Bf1 Kf8 34. Bd3 Ke7 35. Bb1 Kd6 36. h4 c5 37. g5 d4+ 38. Kd2 a3 39. f5 hxg5 40. h5 f6 0-1

[Event "Icelandic (Women) op"]
[Site "Reykjavik"]
[Date "2022.10.24"]
[Round "1"]
[White "Acevedo Mendez, Lisseth"]
[Black "Kryger, Oksana"]
[Result "1/2-1/2"]
[WhiteElo "1767"]
[BlackElo "2107"]
[PlyCount "51"]
[EventDate "2022.10.24"]
[EventType "swiss"]
[EventRounds "7"]
[EventCountry "ISL"]
[SourceTitle "EXT 2024"]
[Source "ChessBase"]
[SourceDate "2023.10.10"]
[SourceVersion "1"]
[SourceVersionDate "2023.10.10"]
[SourceQuality "1"]

1. d4 d5 2. Bf4 Nf6 3. Nf3 c5 4. e3 Nc6 5. Nbd2 cxd4 6. exd4 Qb6 7. Nb3 Bg4 8. Be2 e6 9. 0-0 Be7 10. c3 0-0 11. Ne5 Bxe2 12. Qxe2 a5 13. Nxc6 bxc6 14. Nc1 c5 15. dxc5 Qxc5 16. Nb3 Qb6 17. Nd4 Bc5 18. Nb3 Bd6 19. Bxd6 Qxd6 20. a4 e5 21. Rfe1 Rfb8 22. Ra3 Rc8 23. Raa1 Rcb8 24. Ra3 Ne4 25. Qc2 Rc8 26. Nc1 1/2-1/2

[Event "DEN-chT 2122 59th"]
[Site "Denmark"]
[Date "2022.01.29"]
[Round "5.2"]
[White "Kryger, Oksana"]
[Black "Ahlander, Bjorn"]
[Result "0-1"]
[WhiteElo "2119"]
[BlackElo "2363"]
[PlyCount "100"]
[EventDate "2021.10.30"]
[EventType "team-tourn"]
[EventRounds "9"]
[EventCountry "DEN"]
[SourceTitle "EXT 2023"]
[Source "ChessBase"]
[SourceDate "2022.10.05"]
[SourceVersion "1"]
[SourceVersionDate "2022.10.05"]
[SourceQuality "1"]
[WhiteTeam "Bronshoj"]
[BlackTeam "Koge Xtracon"]
[WhiteTeamCountry "DEN"]
[BlackTeamCountry "DEN"]

1. d4 Nf6 2. c4 e6 3. Nf3 d5 4. Nc3 a6 5. cxd5 exd5 6. Bg5 Be6 7. e3 Nbd7 8. Bd3 h6 9. Bh4 Bd6 10. 0-0 0-0 11. Rc1 c6 12. a3 Re8 13. Bg3 Qe7 14. Bxd6 Qxd6 15. h3 c5 16. dxc5 Nxc5 17. Bb1 Rad8 18. Nd4 Bc8 19. Qc2 Qe5 20. Qe2 Nce4 21. Nxe4 dxe4 22. Ba2 Qg5 23. Kh2 Bg4 24. Qc4 Rd7 25. b4 Re5 26. Bb3 Qh4 27. Bd1 Rh5 28. Bxg4 Nxg4+ 29. Kg1 Ne5 30. Qc8+ Kh7 31. Rc7 Rg5 32. Kh1 Rxc7 33. Qxc7 b5 34. Qc8 Nd3 35. Qc2 Rg6 36. Nf5 Qf6 37. Nd4 Qg5 38. Rg1 Rf6 39. Rf1 Rg6 40. Rg1 Qd5 41. Rf1 f5 42. Qc3 f4 43. exf4 Nxf4 44. Rg1 Nd3 45. f3 Nf2+ 46. Kh2 Qe5+ 47. g3 exf3 48. Qd2 Rxg3 49. Rxg3 Ne4 50. Nf5 Nxd2 0-1

[Event "Helsingor Hojstrupgaard op"]
[Site "Helsingor"]
[Date "2021.07.25"]
[Round "5"]
[White "Kryger, Oksana"]
[Black "Thuesen, Mogens Henrik"]
[Result "1/2-1/2"]
[WhiteElo "2105"]
[BlackElo "2178"]
[PlyCount "66"]
[EventDate "2021.07.23"]
[EventType "swiss"]
[EventRounds "5"]
[EventCountry "DEN"]
[SourceTitle "CBM 203 Extra"]
[Source "ChessBase"]
[SourceDate "2021.09.30"]
[SourceVersion "1"]
[SourceVersionDate "2021.09.30"]
[SourceQuality "1"]

1. d4 d5 2. c4 e6 3. Nc3 Nf6 4. Nf3 Be7 5. Bf4 0-0 6. e3 c5 7. dxc5 Qa5 8. Nd2 Qxc5 9. a3 a5 10. Nb3 Qb6 11. c5 Qd8 12. Na4 Nc6 13. Nd4 Ne4 14. Nb6 a4 15. Be2 Ra5 16. Nxa4 Nxc5 17. Nxc5 Rxc5 18. Nb3 e5 19. Bg3 d4 20. e4 Be6 21. Nxc5 Bxc5 22. 0-0 Bd6 23. b4 Qg5 24. Rc1 Ra8 25. Qd3 g6 26. Qb5 Rxa3 27. f4 Qe7 28. fxe5 Bxb4 29. Bc4 Ra5 30. Qb6 Bc5 31. Qb3 Ra3 32. Qb5 Ra5 33. Qb3 Ra3 1/2-1/2

[Event "Helsingor Hojstrupgaard op"]
[Site "Helsingor"]
[Date "2021.07.23"]
[Round "1"]
[White "Kryger, Oksana"]
[Black "Olsen, Peter Erik"]
[Result "1/2-1/2"]
[WhiteElo "2105"]
[BlackElo "2221"]
[PlyCount "24"]
[EventDate "2021.07.23"]
[EventType "swiss"]
[EventRounds "5"]
[EventCountry "DEN"]
[SourceTitle "CBM 203 Extra"]
[Source "ChessBase"]
[SourceDate "2021.09.30"]
[SourceVersion "1"]
[SourceVersionDate "2021.09.30"]
[SourceQuality "1"]

1. d4 Nf6 2. c4 c5 3. d5 b5 4. Qc2 bxc4 5. e4 d6 6. Bxc4 g6 7. Nf3 Bg7 8. 0-0 0-0 9. h3 Nbd7 10. Rd1 Rb8 11. Nc3 Qa5 12. Rb1 Ba6 1/2-1/2

[Event "Online Olym Div2 D"]
[Site "Chess.com INT"]
[Date "2020.08.14"]
[Round "1.3"]
[White "Atalik, Ekaterina"]
[Black "Kryger, Oksana"]
[Result "1-0"]
[WhiteElo "2453"]
[BlackElo "2105"]
[PlyCount "55"]
[EventDate "2020.08.14"]
[EventType "team-tourn (rapid)"]
[EventRounds "9"]
[EventCountry "USA"]
[SourceTitle "CBM 198"]
[Source "ChessBase"]
[SourceDate "2020.10.31"]
[SourceVersion "1"]
[SourceVersionDate "2020.10.31"]
[SourceQuality "1"]
[WhiteTeam "Turkey"]
[BlackTeam "Denmark"]
[WhiteTeamCountry "TUR"]
[BlackTeamCountry "DEN"]

1. Nf3 d5 2. e3 Nf6 3. c4 dxc4 4. Bxc4 e6 5. 0-0 c5 6. b3 Be7 7. Bb2 0-0 8. d4 cxd4 9. Nxd4 Nbd7 10. Nd2 a6 11. Be2 Bc5 12. Nc4 b5 13. Bf3 Nd5 14. Bxd5 exd5 15. Nd2 Bb7 16. N2f3 Nf6 17. Nf5 Qd7 18. Nh6+ Kh8 19. Bxf6 gxf6 20. Nd4 Rae8 21. Qh5 Re4 22. Rfd1 Bxd4 23. Rxd4 Rxd4 24. exd4 Qe6 25. h3 Qe4 26. Nxf7+ Kg7 27. Nd6 Qxd4 28. Nf5+ 1-0

[Event "EU-ch Online U2300 Qual"]
[Site "Chess.com INT"]
[Date "2020.05.25"]
[Round "6"]
[White "Farkas, Lajos"]
[Black "Kryger, Oksana"]
[Result "0-1"]
[WhiteElo "2191"]
[BlackElo "2107"]
[PlyCount "106"]
[EventDate "2020.05.25"]
[EventType "swiss"]
[EventRounds "8"]
[EventCountry "NET"]
[SourceTitle "EXT 2021"]
[Source "ChessBase"]
[SourceDate "2020.10.23"]
[SourceVersion "1"]
[SourceVersionDate "2020.10.23"]
[SourceQuality "1"]

1. d4 d5 2. c4 dxc4 3. e3 Nf6 4. Bxc4 e6 5. Nf3 a6 6. 0-0 c5 7. Nc3 b5 8. Bd3 Bb7 9. b3 Nbd7 10. Bb2 Be7 11. Re1 0-0 12. e4 cxd4 13. Nxd4 Qb6 14. Nf3 Nc5 15. Bc2 Rfd8 16. Qe2 Rac8 17. Rad1 b4 18. Rxd8+ Bxd8 19. Na4 Nxa4 20. bxa4 a5 21. Bd4 Qc6 22. Bd3 Qxa4 23. Ng5 h6 24. e5 Qc6 25. Nf3 Nd7 26. Bb5 Qd5 27. Rd1 Bc6 28. Ba6 Ra8 29. Ba7 Rxa7 30. Rxd5 Bxd5 31. Bb5 Nc5 32. Nd4 Bb6 33. h3 Ne4 34. Nc6 Bxf2+ 35. Kh2 Bg3+ 36. Kg1 Rc7 37. Qd3 g6 38. Kf1 Kg7 39. Qc2 Bxe5 40. g4 Bc3 41. Qd3 Nd2+ 42. Ke2 Bxc6 43. Bxc6 Rxc6 44. Qd7 Rc5 45. Qe7 Re5+ 46. Kd3 Rd5+ 47. Kc2 Ne4 48. Qb7 Rd2+ 49. Kc1 Nc5 50. Qb5 Nd3+ 51. Kb1 Rb2+ 52. Ka1 Rc2+ 53. Kb1 Rc1# 0-1

[Event "EU-ch Online U2300 Qual"]
[Site "Chess.com INT"]
[Date "2020.05.25"]
[Round "3"]
[White "Kryger, Oksana"]
[Black "Pogorelskikh, Sergey"]
[Result "0-1"]
[WhiteElo "2107"]
[BlackElo "2218"]
[PlyCount "54"]
[EventDate "2020.05.25"]
[EventType "swiss"]
[EventRounds "8"]
[EventCountry "NET"]
[SourceTitle "EXT 2021"]
[Source "ChessBase"]
[SourceDate "2020.10.23"]
[SourceVersion "1"]
[SourceVersionDate "2020.10.23"]
[SourceQuality "1"]

1. d4 Nf6 2. c4 e6 3. Nf3 Bb4+ 4. Bd2 Qe7 5. g3 Nc6 6. Nc3 d5 7. Bg2 0-0 8. 0-0 dxc4 9. a3 Ba5 10. Qa4 Bb6 11. Qxc4 e5 12. d5 Na5 13. Qh4 Nb3 14. Rac1 Nxc1 15. Rxc1 Bf5 16. Ng5 Ng4 17. Nce4 h6 18. Bb4 hxg5 19. Nxg5 Bxf2+ 20. Kh1 Qf6 21. e4 Qh6 22. Bxf8 Be3 23. Rf1 Rxf8 24. exf5 Qxg5 25. h3 Qxh4 26. gxh4 Nf6 27. Re1 Bd4 0-1

[Event "EU-ch Online U2300 Qual"]
[Site "Chess.com INT"]
[Date "2020.05.25"]
[Round "1"]
[White "Kryger, Oksana"]
[Black "Samunenkov, Igor"]
[Result "1/2-1/2"]
[WhiteElo "2107"]
[BlackElo "2142"]
[PlyCount "104"]
[EventDate "2020.05.25"]
[EventType "swiss"]
[EventRounds "8"]
[EventCountry "NET"]
[SourceTitle "EXT 2021"]
[Source "ChessBase"]
[SourceDate "2020.10.23"]
[SourceVersion "1"]
[SourceVersionDate "2020.10.23"]
[SourceQuality "1"]

1. d4 Nf6 2. c4 e6 3. Nf3 b6 4. a3 Bb7 5. Nc3 Ne4 6. Nxe4 Bxe4 7. e3 d5 8. Bd3 Bxd3 9. Qxd3 Be7 10. 0-0 0-0 11. e4 Qc8 12. cxd5 exd5 13. e5 Qg4 14. h3 Qg6 15. Qxg6 hxg6 16. Bg5 Bxg5 17. Nxg5 c5 18. dxc5 bxc5 19. Rfd1 d4 20. b4 cxb4 21. axb4 Nc6 22. b5 Nxe5 23. Rxd4 Rfc8 24. f4 Nc4 25. Rd7 Rf8 26. Raxa7 Rxa7 27. Rxa7 Rb8 28. Rxf7 Rxb5 29. Rd7 Kf8 30. Ne6+ Ke8 31. Rxg7 Rb1+ 32. Kh2 Ne3 33. Rxg6 Nf1+ 34. Kg1 Kf7 35. f5 Ng3+ 36. Kf2 Nxf5 37. Nf4 Rb4 38. Rf6+ Kxf6 39. Nd5+ Kg5 40. Nxb4 Kh4 41. Nd5 Ng3 42. Nf4 Ne4+ 43. Ke3 Ng5 44. Ne2 Nxh3 45. g3+ Kg4 46. Ke4 Ng5+ 47. Ke3 Nf7 48. Kf2 Ng5 49. Ke3 Nf7 50. Ke4 Nh6 51. Ke5 Nf5 52. Ke4 Nxg3+ 1/2-1/2

[Event "EU-ch Online U2300 Qual"]
[Site "Chess.com INT"]
[Date "2020.05.25"]
[Round "7"]
[White "Potpara, Nikola"]
[Black "Kryger, Oksana"]
[Result "1-0"]
[WhiteElo "2373"]
[BlackElo "2107"]
[PlyCount "143"]
[EventDate "2020.05.25"]
[EventType "swiss"]
[EventRounds "8"]
[EventCountry "NET"]
[SourceTitle "EXT 2021"]
[Source "ChessBase"]
[SourceDate "2020.10.23"]
[SourceVersion "1"]
[SourceVersionDate "2020.10.23"]
[SourceQuality "1"]

1. d4 d5 2. Bf4 Nf6 3. e3 c5 4. c3 Qb6 5. Qb3 c4 6. Qc2 g6 7. Nd2 Bf5 8. Qc1 Nc6 9. b3 cxb3 10. axb3 Bg7 11. Ngf3 0-0 12. Be2 Rac8 13. Qb2 Nh5 14. 0-0 Rfe8 15. b4 a6 16. Qa2 Qd8 17. b5 axb5 18. Bxb5 Nxf4 19. exf4 Qd6 20. g3 Red8 21. Rfe1 Nb8 22. Qb3 Nd7 23. Bxd7 Rxd7 24. Ra7 Rdc7 25. Re3 b6 26. Ra6 Rb7 27. h4 h5 28. Ne1 Bd7 29. Nd3 e6 30. Nf3 Qc6 31. Nb4 Qb5 32. Qa3 Bf8 33. Ne5 Bxb4 34. cxb4 Be8 35. Re1 Rbc7 36. Ra8 Rc3 37. Qa7 Qxb4 38. Rxc8 Rxc8 39. Rd1 Qb3 40. Rd3 Qb1+ 41. Kg2 f6 42. Qb7 Qc2 43. Rd2 Qc3 44. Nf3 Qc7 45. Qa6 Qc6 46. Rb2 Rb8 47. Qe2 Bd7 48. Rc2 Qd6 49. Qd3 Kg7 50. Qc3 Rc8 51. Qb2 Rxc2 52. Qxc2 Bb5 53. Qc8 Qd7 54. Qb8 Qc6 55. Qa7+ Qd7 56. Qxb6 Be2 57. Nd2 Bd3 58. Nb3 Be2 59. Nc5 Qe7 60. Qxe6 Qxe6 61. Nxe6+ Kf7 62. f5 gxf5 63. Nf4 Bc4 64. Nxh5 Kg6 65. Nf4+ Kh6 66. Kf3 Bb5 67. Ke3 Bc4 68. Kd2 Kg7 69. Kc3 Kh6 70. Kb4 Kg7 71. Kc5 Kf7 72. Nxd5 1-0

[Event "Olympiad Women-43"]
[Site "Batumi"]
[Date "2018.10.02"]
[Round "8.3"]
[White "Koskoska, Gabriela"]
[Black "Kryger, Oksana"]
[Result "1-0"]
[WhiteElo "2026"]
[BlackElo "2137"]
[PlyCount "87"]
[EventDate "2018.09.24"]
[EventType "team-swiss"]
[EventRounds "11"]
[EventCountry "GEO"]
[SourceTitle "EXT 2020"]
[Source "ChessBase"]
[SourceDate "2019.10.17"]
[SourceVersion "1"]
[SourceVersionDate "2019.10.17"]
[SourceQuality "1"]
[WhiteTeam "Macedonia (W)"]
[BlackTeam "Denmark (W)"]
[WhiteTeamCountry "MKD"]
[BlackTeamCountry "DEN"]

1. e4 e6 2. d4 d5 3. exd5 exd5 4. Nf3 Bd6 5. c4 Nf6 6. c5 Be7 7. Qa4+ c6 8. Bd3 Qc7 9. h3 Nbd7 10. Nc3 0-0 11. 0-0 Re8 12. Re1 Nf8 13. Bg5 Be6 14. Ne5 Nh5 15. Bd2 f6 16. Nf3 Nf4 17. Bf1 g5 18. Qc2 Bf7 19. Bxf4 Qxf4 20. Ne2 Qe4 21. Qb3 Rab8 22. Ng3 Qf4 23. Bd3 Be6 24. Nh5 Qc7 25. Qc2 Qd7 26. Bxh7+ Kh8 27. Bg6 Red8 28. Ng3 b6 29. b4 bxc5 30. bxc5 Rb7 31. Bf5 Rdb8 32. h4 Bxf5 33. Nxf5 Bd8 34. hxg5 fxg5 35. Ne5 Qh7 36. Re3 Ng6 37. Nxc6 Bc7 38. Rh3 Nh4 39. Nxb8 Rxb8 40. g3 Qd7 41. gxh4 g4 42. Re3 Rf8 43. Re7 Qxf5 44. Qxf5 1-0

[Event "BCF-chT2 1718 (4NCL) Promotion pool"]
[Site "England"]
[Date "2018.05.07"]
[Round "11.25"]
[White "Mulleady, Peter J"]
[Black "Kryger, Oksana"]
[Result "1/2-1/2"]
[WhiteElo "2087"]
[BlackElo "2171"]
[PlyCount "25"]
[EventDate "2017.11.11"]
[EventType "team-tourn"]
[EventRounds "11"]
[EventCountry "ENG"]
[SourceTitle "EXT 2020"]
[Source "ChessBase"]
[SourceDate "2019.10.17"]
[SourceVersion "1"]
[SourceVersionDate "2019.10.17"]
[SourceQuality "1"]
[WhiteTeam "Manchester Manticores"]
[BlackTeam "Wood Green Monarchs"]
[WhiteTeamCountry "ENG"]
[BlackTeamCountry "ENG"]

1. d4 d5 2. Bf4 Nf6 3. e3 c5 4. c3 Nc6 5. Nd2 cxd4 6. exd4 Bf5 7. Ngf3 e6 8. Qb3 Qc8 9. Be2 h6 10. 0-0 Be7 11. Ne5 0-0 12. Ndf3 Ne4 13. Rfe1 1/2-1/2

[Event "BCF-chT2 1718 (4NCL) Promotion pool"]
[Site "England"]
[Date "2018.05.06"]
[Round "10.23"]
[White "Kryger, Oksana"]
[Black "Dunn, Andrew"]
[Result "1/2-1/2"]
[WhiteElo "2171"]
[BlackElo "2237"]
[PlyCount "48"]
[EventDate "2017.11.11"]
[EventType "team-tourn"]
[EventRounds "11"]
[EventCountry "ENG"]
[SourceTitle "EXT 2020"]
[Source "ChessBase"]
[SourceDate "2019.10.17"]
[SourceVersion "1"]
[SourceVersionDate "2019.10.17"]
[SourceQuality "1"]
[WhiteTeam "Wood Green Monarchs"]
[BlackTeam "North East England"]
[WhiteTeamCountry "ENG"]
[BlackTeamCountry "ENG"]

1. d4 d5 2. c4 e6 3. Nc3 Be7 4. Nf3 Nf6 5. Bf4 c6 6. e3 Nbd7 7. h3 0-0 8. a3 dxc4 9. Bxc4 Nb6 10. Bd3 Nbd5 11. Bh2 Qa5 12. Qc1 Nxc3 13. Qxc3 Qxc3+ 14. bxc3 b6 15. 0-0 Bb7 16. Nd2 c5 17. a4 cxd4 18. cxd4 Bb4 19. Nc4 Be4 20. Bxe4 Nxe4 21. Rfb1 Bc3 22. Ra2 Rfc8 23. Nd6 Nxd6 24. Bxd6 Rc6 1/2-1/2

[Event "Olympiad Women-42"]
[Site "Baku"]
[Date "2016.09.13"]
[Round "11.1"]
[White "Kryger, Oksana"]
[Black "Farha, Doha"]
[Result "1-0"]
[WhiteElo "2204"]
[BlackElo "1851"]
[PlyCount "59"]
[EventDate "2016.09.02"]
[EventType "team-swiss"]
[EventRounds "11"]
[EventCountry "AZE"]
[SourceTitle "CBM 174 Extra"]
[Source "ChessBase"]
[SourceDate "2016.10.10"]
[SourceVersion "1"]
[SourceVersionDate "2016.10.10"]
[SourceQuality "1"]
[WhiteTeam "Denmark (W)"]
[BlackTeam "Syria (W)"]
[WhiteTeamCountry "DEN"]
[BlackTeamCountry "SYR"]

1. d4 d5 2. c4 e6 3. Nf3 c6 4. e3 Nf6 5. Nbd2 Nbd7 6. b3 Bb4 7. Bb2 Ne4 8. a3 Bxd2+ 9. Nxd2 Ndf6 10. f3 Nxd2 11. Qxd2 0-0 12. Bd3 Nd7 13. 0-0 f5 14. e4 f4 15. Rae1 Nf6 16. exd5 exd5 17. Qxf4 Nh5 18. Qd2 Nf4 19. Bc2 Qg5 20. Kh1 Qf6 21. cxd5 cxd5 22. Re5 Be6 23. Bc1 Rac8 24. Bb1 g5 25. Qe1 Rc6 26. Qg3 h6 27. h4 Nh5 28. Qh2 Ng7 29. hxg5 hxg5 30. Bxg5 1-0

[Event "Olympiad Women-42"]
[Site "Baku"]
[Date "2016.09.05"]
[Round "4.36"]
[White "Mirza, Diana"]
[Black "Kryger, Oksana"]
[Result "0-1"]
[WhiteElo "1948"]
[BlackElo "2204"]
[PlyCount "136"]
[EventDate "2016.09.02"]
[EventType "team-swiss"]
[EventRounds "11"]
[EventCountry "AZE"]
[SourceTitle "CBM 174 Extra"]
[Source "ChessBase"]
[SourceDate "2016.10.10"]
[SourceVersion "1"]
[SourceVersionDate "2016.10.10"]
[SourceQuality "1"]
[WhiteTeam "Ireland (W)"]
[BlackTeam "Denmark (W)"]
[WhiteTeamCountry "IRL"]
[BlackTeamCountry "DEN"]

1. e4 e6 2. d3 d5 3. Nd2 Nf6 4. Ngf3 c5 5. g3 g6 6. Bg2 Bg7 7. 0-0 0-0 8. Re1 Nc6 9. c3 a5 10. Qe2 b6 11. Nf1 Ba6 12. e5 Nd7 13. Bf4 Re8 14. h4 h6 15. N1h2 Kh7 16. Ng4 f5 17. exf6 Nxf6 18. Nge5 Nxe5 19. Nxe5 Qe7 20. Rad1 Rac8 21. g4 Nd7 22. Nxd7 Qxd7 23. Be5 Rcd8 24. g5 Bc8 25. Qe3 Rf8 26. Bh3 Rde8 27. f4 h5 28. Rd2 Rf7 29. Rde2 Qc6 30. Rf1 Bd7 31. Rfe1 Bc8 32. Qf3 Bd7 33. Qg3 Bc8 34. Re3 Bd7 35. R1e2 Bc8 36. Bxg7 Kxg7 37. Re5 Qa4 38. Bxe6 Bxe6 39. Rxe6 Rxe6 40. Rxe6 Rxf4 41. Qe3 Qd1+ 42. Qe1 Rg4+ 43. Kf2 Rf4+ 44. Kg1 Qg4+ 45. Kh2 Qxh4+ 46. Qxh4 Rxh4+ 47. Kg3 Rg4+ 48. Kh3 Rxg5 49. Rxb6 d4 50. cxd4 cxd4 51. Rd6 Rb5 52. b3 Rb4 53. Ra6 Rb5 54. Rd6 Kf7 55. Rxd4 Ke6 56. Re4+ Re5 57. Ra4 Rd5 58. d4 Kf5 59. b4 axb4 60. Rxb4 Ke4 61. Rb6 Kf5 62. Rb4 g5 63. a4 Ke4 64. Rb6 Kxd4 65. Ra6 Kc4 66. Rh6 g4+ 67. Kh4 Kb4 68. Ra6 Ra5 0-1

[Event "Taastrup Quick Weekend 23th Mester 1"]
[Site "Taastrup"]
[Date "2016.05.20"]
[Round "3"]
[White "Kryger, Oksana"]
[Black "Haubro, Martin"]
[Result "1/2-1/2"]
[WhiteElo "2170"]
[BlackElo "2379"]
[PlyCount "77"]
[EventDate "2016.05.20"]
[EventType "tourn"]
[EventRounds "5"]
[EventCountry "DEN"]
[SourceTitle "EXT 2024"]
[Source "ChessBase"]
[SourceDate "2023.10.10"]
[SourceVersion "1"]
[SourceVersionDate "2023.10.10"]
[SourceQuality "1"]

1. d4 Nf6 2. c4 e6 3. Nf3 b6 4. a3 Ba6 5. Qc2 Bb7 6. Nc3 c5 7. dxc5 Bxc5 8. e3 0-0 9. Be2 Be7 10. 0-0 d6 11. b3 Nbd7 12. Bb2 Rc8 13. Rac1 a6 14. Qb1 Rc7 15. Nd2 Qa8 16. Bf3 Rfc8 17. Rfd1 Nc5 18. Bxb7 Qxb7 19. h3 Ncd7 20. Nde4 Rc6 21. Nxf6+ Nxf6 22. Ne4 Ne8 23. Qd3 b5 24. cxb5 axb5 25. Rxc6 Rxc6 26. Rc1 d5 27. Rxc6 Qxc6 28. Nd2 f6 29. Nb1 Nc7 30. Qc3 Qb6 31. Qc2 Qb7 32. Nd2 Ne8 33. Nf3 e5 34. Qf5 Qc6 35. Qb1 Nd6 36. Nd2 Nb7 37. Qd1 Qa6 38. Nb1 b4 39. Qxd5+ 1/2-1/2

[Event "Taastrup Quick Weekend 23th Mester 1"]
[Site "Taastrup"]
[Date "2016.05.20"]
[Round "1"]
[White "Kryger, Oksana"]
[Black "Jacobsen, Mads Holger"]
[Result "1-0"]
[WhiteElo "2170"]
[BlackElo "2169"]
[PlyCount "65"]
[EventDate "2016.05.20"]
[EventType "tourn"]
[EventRounds "5"]
[EventCountry "DEN"]
[SourceTitle "EXT 2024"]
[Source "ChessBase"]
[SourceDate "2023.10.10"]
[SourceVersion "1"]
[SourceVersionDate "2023.10.10"]
[SourceQuality "1"]

1. d4 d5 2. c4 c6 3. Nf3 Nf6 4. e3 e6 5. Bd3 dxc4 6. Bxc4 a6 7. 0-0 c5 8. Bb3 Nc6 9. Qe2 cxd4 10. Rd1 Be7 11. exd4 0-0 12. Nc3 Qc7 13. Bg5 Na5 14. Bc2 b5 15. Bxf6 Bxf6 16. Qe4 g6 17. Qxa8 Bb7 18. Qa7 Be7 19. Be4 Ra8 20. Qxa8+ Bxa8 21. Bxa8 b4 22. Na4 f5 23. Ne5 b3 24. a3 g5 25. Rac1 Qb8 26. Bf3 Bd6 27. Nc5 Bxe5 28. dxe5 Qxe5 29. Nxe6 Qxb2 30. Rc7 Qf6 31. Rd8+ Qxd8 32. Nxd8 b2 33. Bd5+ 1-0

[Event "Politiken Cup 37th"]
[Site "Helsingor"]
[Date "2015.07.31"]
[Round "8"]
[White "Kryger, Oksana"]
[Black "Smith, Thijmen"]
[Result "0-1"]
[WhiteElo "2127"]
[BlackElo "2252"]
[PlyCount "88"]
[EventDate "2015.07.25"]
[EventType "swiss"]
[EventRounds "10"]
[EventCountry "DEN"]
[SourceTitle "CBM 167 Extra"]
[Source "ChessBase"]
[SourceDate "2015.09.14"]
[SourceVersion "1"]
[SourceVersionDate "2015.09.14"]
[SourceQuality "1"]

1. d4 d5 2. c4 e6 3. Nc3 Nf6 4. Nf3 c5 5. cxd5 Nxd5 6. e4 Nxc3 7. bxc3 cxd4 8. cxd4 Bb4+ 9. Bd2 Bxd2+ 10. Qxd2 0-0 11. Bd3 Nc6 12. Bc2 b6 13. 0-0 Bb7 14. Rfd1 Qe7 15. Rac1 Rfd8 16. Qe3 Rac8 17. Bb1 Na5 18. h3 Nc4 19. Qb3 Nd6 20. Qa3 Ba8 21. Rxc8 Nxc8 22. Qd3 Qb4 23. e5 g6 24. Ng5 Ne7 25. g4 Qa4 26. Bc2 Qxa2 27. Bb3 Qa5 28. Nxe6 fxe6 29. Bxe6+ Kg7 30. Qc2 Rxd4 31. Rxd4 Qe1+ 32. Kh2 Qh1+ 33. Kg3 Qf3+ 34. Kh4 g5+ 35. Kxg5 h6+ 36. Kh4 Ng6+ 37. Qxg6+ Kxg6 38. Bf5+ Kf7 39. Rd7+ Ke8 40. Rxa7 Be4 41. Bd7+ Kd8 42. e6 Qxf2+ 43. Kh5 Qf6 44. h4 Qg6# 0-1

[Event "Copenhagen Challenge"]
[Site "Ballerup"]
[Date "2015.05.02"]
[Round "6"]
[White "Kryger, Oksana"]
[Black "Tomaz, Tainan Pantano"]
[Result "1/2-1/2"]
[WhiteElo "2112"]
[BlackElo "2011"]
[PlyCount "51"]
[EventDate "2015.04.29"]
[EventType "swiss"]
[EventRounds "9"]
[EventCountry "DEN"]
[SourceTitle "CBM 166 Extra"]
[Source "ChessBase"]
[SourceDate "2015.06.18"]
[SourceVersion "1"]
[SourceVersionDate "2015.06.18"]
[SourceQuality "1"]

1. d4 Nf6 2. c4 e6 3. Nf3 Bb4+ 4. Bd2 a5 5. Nc3 b6 6. g3 Ba6 7. b3 d5 8. cxd5 exd5 9. Bg2 0-0 10. 0-0 Re8 11. Ne5 c6 12. Re1 Bb7 13. Qc2 Nbd7 14. Nxd7 Qxd7 15. Na4 Bxd2 16. Qxd2 Qd8 17. Rac1 Ne4 18. Qf4 Re6 19. f3 Nf6 20. Qd2 Rd6 21. Qf4 Re6 22. Bh3 Re8 23. Bg2 Rb8 24. Kf2 Ba8 25. Bh3 Qe7 26. Qd2 1/2-1/2

[Event "Copenhagen Challenge"]
[Site "Ballerup"]
[Date "2015.04.29"]
[Round "1"]
[White "Kryger, Oksana"]
[Black "Semcesen, Daniel"]
[Result "0-1"]
[WhiteElo "2112"]
[BlackElo "2469"]
[PlyCount "86"]
[EventDate "2015.04.29"]
[EventType "swiss"]
[EventRounds "9"]
[EventCountry "DEN"]
[SourceTitle "CBM 166 Extra"]
[Source "ChessBase"]
[SourceDate "2015.06.18"]
[SourceVersion "1"]
[SourceVersionDate "2015.06.18"]
[SourceQuality "1"]

1. d4 f5 2. Nf3 Nf6 3. g3 g6 4. Bg2 Bg7 5. 0-0 0-0 6. b3 d6 7. Bb2 Qe8 8. c4 h6 9. Nc3 g5 10. Qd3 Qg6 11. Rad1 Na6 12. Ne1 c6 13. e4 e5 14. dxe5 dxe5 15. Qd6 Qh5 16. Nf3 Ne8 17. Qd2 f4 18. Ne1 f3 19. Nxf3 Rxf3 20. Bxf3 Qxf3 21. Qe3 Bg4 22. Rd2 Nc5 23. Re1 Ne6 24. Nd1 Nd4 25. Bxd4 exd4 26. Qxf3 Bxf3 27. Nb2 Rd8 28. Nd3 Nd6 29. Nc5 Re8 30. Rd3 g4 31. h3 h5 32. e5 b6 33. Rxd4 Rxe5 34. Rf1 Nf7 35. Nd3 Re7 36. Rf4 Ng5 37. Rxf3 Nxf3+ 38. Kg2 Be5 39. hxg4 hxg4 40. Rh1 Kg7 41. Nb4 Re6 42. Nc2 Bd4 43. Rd1 c5 0-1